[Event "DEM U18w"]
[Site "Willingen"]
[Date "2006.06.08"]
[Round "8.13"]
[White "Schöttler, Katharina"]
[Black "Janiesch, Maike"]
[Result "1/2-1/2"]
[WhiteElo "1655"]
[BlackElo "1637"]
[PlyCount "50"]
[EventDate "2006.??.??"]
[EventType "swiss"]
[EventRounds "9"]
[EventCountry "GER"]

1. e4 d6 2. d4 Nf6 3. Nc3 g6 4. f3 Bg7 5. Be3 O-O 6. Qd2 Nbd7 7. Bh6 b6 8. h4
c5 9. d5 Ne5 10. g4 a6 11. Qg5 b5 12. h5 Bxh6 13. Qxh6 Qa5 14. hxg6 fxg6 15.
Qd2 b4 16. Nd1 Bd7 17. Ne3 Rf7 18. Nc4 Nxc4 19. Bxc4 Bb5 20. Bxb5 Qxb5 21. Nh3
Rc8 22. Ng5 Rg7 23. Ne6 Rf7 24. Ng5 Rg7 25. Ne6 Rf7 1/2-1/2

[Event "DEM U16w"]
[Site "Willingen"]
[Date "2006.06.08"]
[Round "8.6"]
[White "Hannes, Diana"]
[Black "Voss, Janine"]
[Result "1-0"]
[WhiteElo "1958"]
[BlackElo "1628"]
[PlyCount "45"]
[EventDate "2006.??.??"]
[EventType "swiss"]
[EventRounds "9"]
[EventCountry "GER"]

1. e4 c5 2. Nf3 Nc6 3. d4 cxd4 4. Nxd4 Nf6 5. Nc3 d6 6. f3 g6 7. Be3 Bg7 8. Qd2
Bd7 9. O-O-O O-O 10. g4 Ne5 11. Bh6 Qc7 12. Bxg7 Kxg7 13. h4 Nc4 14. Bxc4 Qxc4
15. h5 Rh8 16. Kb1 b5 17. h6+ Kf8 18. g5 Ne8 19. Nd5 Rc8 20. Rh2 Nc7 21. b3 Qc5
22. b4 Qc4 23. Ne3 1-0

[Event "DEM U16w"]
[Site "Willingen"]
[Date "2006.06.08"]
[Round "8.14"]
[White "Hingst, Silke"]
[Black "Ludwig, Lisa"]
[Result "1-0"]
[WhiteElo "1407"]
[BlackElo "1421"]
[PlyCount "53"]
[EventDate "2006.??.??"]
[EventType "swiss"]
[EventRounds "9"]
[EventCountry "GER"]

1. e4 e6 2. d4 d5 3. Nd2 Nf6 4. e5 Nfd7 5. f4 c5 6. c3 Nc6 7. Ndf3 Qb6 8. Ne2
Be7 9. g4 f6 10. Bh3 fxe5 11. fxe5 O-O 12. Nf4 Nd8 13. g5 cxd4 14. cxd4 Bb4+
15. Kf1 Qa6+ 16. Kg2 Nb6 17. Bg4 Bd7 18. Nd3 Be7 19. Nf2 Bb5 20. h4 Rc8 21. Rh2
Kh8 22. g6 h6 23. Bg5 Re8 24. a3 Nc4 25. Qc1 Nd6 26. Qf4 Nc4 27. Bxe7 1-0

[Event "DEM U14"]
[Site "Willingen"]
[Date "2006.06.08"]
[Round "8.10"]
[White "Petermann, Michail"]
[Black "Aslan, Benjamin"]
[Result "1-0"]
[WhiteElo "1852"]
[BlackElo "1837"]
[PlyCount "69"]
[EventDate "2006.??.??"]
[EventType "swiss"]
[EventRounds "9"]
[EventCountry "GER"]

1. c4 Nf6 2. Nc3 b6 3. d3 Bb7 4. e4 d6 5. g3 c5 6. Bg2 e6 7. Nge2 a6 8. O-O Be7
9. h3 Qc7 10. f4 O-O 11. Be3 Rd8 12. Bf2 Nbd7 13. g4 h6 14. Ng3 Bc6 15. h4 b5
16. g5 hxg5 17. hxg5 Ne8 18. Qh5 g6 19. Qh3 Qb7 20. Rab1 bxc4 21. dxc4 Bf8 22.
Bf3 Bg7 23. Kg2 Nf8 24. Rh1 Rac8 25. Nf1 Qb4 26. Ne3 f5 27. gxf6 Nxf6 28. f5
exf5 29. exf5 Nh5 30. Ncd5 Qb7 31. fxg6 Nf6 32. Bh4 Nxd5 33. Nxd5 Re8 34. Bf6
Nxg6 35. Qh7+ 1-0

[Event "DEM U10"]
[Site "Willingen"]
[Date "2006.06.09"]
[Round "10.8"]
[White "Abdelrasek, Ahmed"]
[Black "Azizi, Nassim"]
[Result "1-0"]
[WhiteElo "1418"]
[BlackElo "1331"]
[PlyCount "191"]
[EventDate "2006.??.??"]
[EventType "swiss"]
[EventRounds "11"]
[EventCountry "GER"]

1. e4 c5 2. c3 e6 3. d4 cxd4 4. cxd4 d5 5. e5 Nc6 6. Nf3 a6 7. Nc3 Bd7 8. Be2
Bb4 9. O-O Bxc3 10. bxc3 Na5 11. Ba3 b5 12. Qd2 Ne7 13. Rab1 O-O 14. Rfc1 Re8
15. Bd3 Nc8 16. Bb4 Na7 17. Ng5 f5 18. exf6 Qxf6 19. Bxh7+ Kh8 20. Bxa5 Nc6 21.
Bb4 g6 22. Bd6 e5 23. dxe5 Nxe5 24. Qd4 Qxg5 25. f4 Qf5 26. Bxg6 Qxg6 27. Bxe5+
Kg8 28. Qxd5+ Be6 29. Qc6 Rec8 30. Qb6 Qf7 31. a3 Rd8 32. Rd1 Rd7 33. Rxd7 Qxd7
34. Qd6 Qa7+ 35. Bd4 Qd7 36. Qxd7 Bxd7 37. Re1 Rf8 38. g3 Kf7 39. Kf2 Kg6 40.
Re7 Bc8 41. Ke3 Rg8 42. Ke4 Bf5+ 43. Kd5 Bh3 44. Kc6 Kh6 45. Re5 Bg4 46. Kb6
Bc8 47. Kc7 Bg4 48. Rd5 Bc8 49. Rd8 Rxd8 50. Kxd8 Bg4 51. Kc7 Kh5 52. Kb6 Bc8
53. Be5 Kg4 54. h4 Kh5 55. f5 Bxf5 56. Kxa6 Bd7 57. Kb6 Kg4 58. Kc5 Kf5 59. Bf4
Kg4 60. c4 bxc4 61. Kxc4 Be6+ 62. Kb4 Bd5 63. a4 Ba8 64. Kc5 Bf3 65. a5 Bb7 66.
Kb6 Be4 67. a6 Ba8 68. a7 Bf3 69. Kc7 Be4 70. Kb8 Bf3 71. a8=Q Bxa8 72. Kxa8
Kh5 73. Kb7 Kg4 74. Kc6 Kh5 75. Kd5 Kg4 76. Ke4 Kh5 77. Kf3 Kg6 78. g4 Kh7 79.
h5 Kg7 80. Ke4 Kf6 81. g5+ Kg7 82. Be5+ Kh7 83. Kf5 Kg8 84. g6 Kf8 85. h6 Ke7
86. h7 Kd7 87. h8=Q Kc6 88. Ke6 Kc5 89. Qc8+ Kb4 90. Kd5 Kb3 91. Qc4+ Ka3 92.
Bf4 Kb2 93. Kd4 Ka1 94. Qb4 Ka2 95. Kc3 Ka1 96. Qb2# 1-0

[Event "DEM U10"]
[Site "Willingen"]
[Date "2006.06.09"]
[Round "10.26"]
[White "Hellwig, Immo"]
[Black "Preiß, Vincent"]
[Result "1-0"]
[WhiteElo "1074"]
[BlackElo "1289"]
[PlyCount "62"]
[EventDate "2006.??.??"]
[EventType "swiss"]
[EventRounds "11"]
[EventCountry "GER"]

1. e4 e5 2. Nf3 Nc6 3. Bc4 Bc5 4. c3 Nf6 5. d4 exd4 6. cxd4 Bb4+ 7. Nc3 Nxe4 8.
O-O Bxc3 9. d5 Ne7 10. bxc3 d6 11. Qd4 Nf6 12. Bg5 Ng6 13. Rfe1+ Kf8 14. Bb5
Bd7 15. Bxd7 Qxd7 16. Bxf6 gxf6 17. Qxf6 Re8 18. Ng5 h6 19. Ne6+ Rxe6 20. dxe6
Qe7 21. Qxf7+ Qxf7 22. exf7 Kxf7 23. Re3 Ne5 24. Rae1 Rc8 25. f4 Nc4 26. Re7+
Kg6 27. R1e6+ Kh5 28. Rh7 Rf8 29. Rexh6+ Kg4 30. g3 Re8 31. Rxc7 Nd2 1-0

[Event "DEM U10"]
[Site "Willingen"]
[Date "2006.06.09"]
[Round "11.5"]
[White "Müller, Georg"]
[Black "Große, Christian"]
[Result "0-1"]
[WhiteElo "1402"]
[BlackElo "1552"]
[PlyCount "60"]
[EventDate "2006.??.??"]
[EventType "swiss"]
[EventRounds "11"]
[EventCountry "GER"]

1. d4 Nf6 2. e3 g6 3. Bd3 Bg7 4. f4 d6 5. Nf3 O-O 6. O-O Nbd7 7. c3 Re8 8. e4
e5 9. dxe5 dxe5 10. f5 Nc5 11. Bc2 Qxd1 12. Rxd1 Ncxe4 13. fxg6 hxg6 14. Re1
Bf5 15. h3 Rad8 16. g4 Nd2 17. Nbxd2 Bxc2 18. Rxe5 Rxe5 19. Nxe5 Ne4 20. Nef3
Nxd2 21. Nxd2 Bh6 22. Nf3 Rd1+ 23. Kf2 Rxc1 24. Rxc1 Bxc1 25. Nd4 Bb1 26. Ke2
Bxb2 27. Kd2 Bxa2 28. Kc2 Ba3 29. Nb5 Bc5 30. Nxc7 Bc4 0-1

[Event "DEM U10"]
[Site "Willingen"]
[Date "2006.06.09"]
[Round "11.8"]
[White "Günthner, Arthur"]
[Black "Eigemann, Frederik"]
[Result "1-0"]
[WhiteElo "1674"]
[BlackElo "1372"]
[PlyCount "91"]
[EventDate "2006.??.??"]
[EventType "swiss"]
[EventRounds "11"]
[EventCountry "GER"]

1. d4 d5 2. c4 Nc6 3. cxd5 Qxd5 4. Nf3 e5 5. Nc3 Bb4 6. Bd2 Bxc3 7. Bxc3 exd4
8. Nxd4 Nf6 9. e3 a6 10. Nxc6 Qxc6 11. Rc1 Qe6 12. b3 c6 13. Bc4 Qe7 14. O-O
O-O 15. Bb2 Bg4 16. Bxf6 Qe4 17. Qd4 Qg6 18. Bh4 Bh3 19. Bg3 Rad8 20. Qc3 Bf5
21. Rfd1 Rc8 22. Bd3 Bxd3 23. Qxd3 Qe6 24. Qd7 Qxd7 25. Rxd7 b5 26. Rcd1 h6 27.
Bh4 g5 28. Bg3 Rfe8 29. Bc7 Kf8 30. Ba5 c5 31. Rd8 Rexd8 32. Rxd8+ Rxd8 33.
Bxd8 Ke8 34. Bb6 c4 35. bxc4 bxc4 36. Kf1 Kd7 37. Ke1 Kc6 38. Bd4 Kb5 39. Kd1
Kb4 40. Kc2 f5 41. Kb2 a5 42. a3+ Kb5 43. Kc3 a4 44. Bg7 h5 45. Bf6 g4 46. f3
1-0

[Event "DEM U10"]
[Site "Willingen"]
[Date "2006.06.09"]
[Round "11.9"]
[White "Stahnecker, Ludwig"]
[Black "Wagner, Dennis"]
[Result "1/2-1/2"]
[WhiteElo "1447"]
[BlackElo "1225"]
[PlyCount "45"]
[EventDate "2006.??.??"]
[EventType "swiss"]
[EventRounds "11"]
[EventCountry "GER"]

1. e4 e5 2. Nf3 Nc6 3. Bb5 a6 4. Ba4 Nf6 5. O-O Be7 6. Re1 b5 7. Bb3 O-O 8. c3
d5 9. exd5 Nxd5 10. Nxe5 Nxe5 11. Rxe5 c6 12. d3 Bd6 13. Re1 Qh4 14. g3 Qh3 15.
Re4 Nf6 16. Rh4 Qf5 17. Bc2 Re8 18. Be3 Bb7 19. d4 Qd5 20. Bb3 Qf5 21. Bc2 Qd5
22. Bb3 Qf5 23. Bc2 1/2-1/2

[Event "DEM U10"]
[Site "Willingen"]
[Date "2006.06.09"]
[Round "11.27"]
[White "Powierski, Emil"]
[Black "Takeuchi, Eiki"]
[Result "1/2-1/2"]
[WhiteElo "1155"]
[BlackElo "1065"]
[PlyCount "51"]
[EventDate "2006.??.??"]
[EventType "swiss"]
[EventRounds "11"]
[EventCountry "GER"]

1. e4 e5 2. Nf3 Nc6 3. Bb5 a6 4. Ba4 Nf6 5. O-O b5 6. Bb3 Be7 7. c3 d5 8. exd5
Nxd5 9. Re1 O-O 10. Nxe5 Nxe5 11. Rxe5 c6 12. Bxd5 cxd5 13. d4 Be6 14. Nd2 Bd6
15. Re1 Qh4 16. Nf1 Rae8 17. Be3 f5 18. g3 Qh3 19. f4 g5 20. Qf3 Kh8 21. Qg2
Qh5 22. Qe2 Qg6 23. Qd2 h5 24. Kf2 h4 25. Ke2 Bd7 26. Kd1 1/2-1/2

[Event "DEM U10"]
[Site "Willingen"]
[Date "2006.06.09"]
[Round "11.33"]
[White "Schreiber, Justina"]
[Black "Manusina, Nicole"]
[Result "1-0"]
[WhiteElo "855"]
[BlackElo "1110"]
[PlyCount "103"]
[EventDate "2006.??.??"]
[EventType "swiss"]
[EventRounds "11"]
[EventCountry "GER"]

1. e4 e5 2. Bc4 Nf6 3. d3 Be7 4. Nc3 O-O 5. Bg5 Nc6 6. Qf3 Nd4 7. Qd1 Re8 8.
Nce2 Nxe2 9. Qxe2 d6 10. h3 Nd7 11. Bxe7 Qxe7 12. O-O-O a6 13. g4 b5 14. Bb3 c5
15. h4 Bb7 16. g5 a5 17. a3 a4 18. Ba2 b4 19. Qh5 Nf8 20. Qg4 Kh8 21. h5 Bc8
22. Qg2 Be6 23. Bxe6 Qxe6 24. Nh3 Qa2 25. Kd2 Qxb2 26. g6 Qc3+ 27. Ke2 Qxc2+
28. Ke3 Qb3 29. Rdg1 c4 30. Rd1 bxa3 31. gxf7 Qb6+ 32. Ke2 Re7 33. Rhg1 Rxf7
34. Ng5 Rb7 35. h6 g6 36. Qg3 Qb2+ 37. Rd2 Qb5 38. Rf1 c3 39. Rdd1 Re8 40. f4
Qb2+ 41. Ke3 c2 42. Rc1 Qd4+ 43. Kd2 Qb4+ 44. Ke3 Rd7 45. fxe5 dxe5 46. Qf3
Qc5+ 47. Kd2 Kg8 48. Rxc2 Qb4+ 49. Ke2 Red8 50. Rfc1 Rxd3 51. Qf7+ Kh8 52. Qg7#
1-0

[Event "DEM U10"]
[Site "Willingen"]
[Date "2006.06.09"]
[Round "11.34"]
[White "Holle, Cedric"]
[Black "Bajorski, Maria Sophie"]
[Result "1-0"]
[WhiteElo "1049"]
[BlackElo "818"]
[PlyCount "121"]
[EventDate "2006.??.??"]
[EventType "swiss"]
[EventRounds "11"]
[EventCountry "GER"]

1. e4 c5 2. Nf3 e6 3. Nc3 Qc7 4. Bc4 a6 5. a4 Be7 6. d3 b6 7. O-O Bb7 8. d4
cxd4 9. Qxd4 Nc6 10. Qxg7 Bf6 11. Qg4 Nge7 12. Bf4 Be5 13. Nxe5 Nxe5 14. Qg7
N7g6 15. Bxe5 Qxe5 16. Qh6 Rc8 17. Bd3 Qd6 18. Rad1 Qc6 19. Qe3 f5 20. Rfe1 Rc7
21. Qg3 f4 22. Qg5 Rf8 23. f3 Qc5+ 24. Qxc5 Rxc5 25. Kf2 Ne5 26. Rd2 Rg8 27. g3
fxg3+ 28. hxg3 Nxd3+ 29. Rxd3 Rh5 30. Rg1 Rh2+ 31. Rg2 Rh1 32. Rd1 Rh3 33. g4
Rf8 34. Rg3 Rh2+ 35. Rg2 Rh3 36. Rd3 a5 37. Nb5 d5 38. Nd6+ Kd7 39. Nxb7 Kc7
40. Nxa5 bxa5 41. exd5 exd5 42. Ke2 Kc6 43. Rf2 Re8+ 44. Re3 Rd8 45. f4 Rxe3+
46. Kxe3 d4+ 47. Kd3 Kd5 48. f5 Rf8 49. f6 h6 50. c4+ Ke5 51. f7 Ke6 52. Kxd4
Rxf7 53. Rxf7 Kxf7 54. Ke5 Kg6 55. c5 Kg5 56. c6 Kxg4 57. c7 h5 58. c8=Q+ Kg3
59. Qg8+ Kh4 60. Kf4 Kh3 61. Qg3# 1-0

[Event "DEM U10"]
[Site "Willingen"]
[Date "2006.06.09"]
[Round "11.42"]
[White "Püschel, Torben"]
[Black "Priese, Annika"]
[Result "1-0"]
[WhiteElo "937"]
[BlackElo "1000"]
[PlyCount "87"]
[EventDate "2006.??.??"]
[EventType "swiss"]
[EventRounds "11"]
[EventCountry "GER"]

1. d4 d5 2. c4 c6 3. Nc3 Nf6 4. Bg5 e6 5. Nf3 dxc4 6. e4 Be7 7. Bxc4 Nbd7 8.
O-O b5 9. Bb3 O-O 10. Rc1 Bb7 11. Qe2 Qb6 12. Rfd1 a5 13. Ne5 Rfe8 14. Be3 a4
15. Bc2 c5 16. dxc5 Nxc5 17. b4 axb3 18. axb3 Qc7 19. Nf3 Ncd7 20. Nxb5 Qd8 21.
Nd6 Bxd6 22. Rxd6 Qe7 23. Rd2 Rec8 24. Rcd1 Rd8 25. Qb5 Ba6 26. Qc6 h6 27. e5
Nd5 28. Be4 N7b6 29. Bxb6 Nxb6 30. Qxb6 Rdb8 31. Qe3 Ra7 32. h3 Bb7 33. Rd7 Qe8
34. Qxa7 Bxe4 35. Qxb8 Qxb8 36. Rd8+ Qxd8 37. Rxd8+ Kh7 38. b4 Kg6 39. Rf8 Bd3
40. Nd4 Be4 41. b5 Bb7 42. b6 Bd5 43. Rd8 Be4 44. Rd7 1-0

[Event "DEM U14"]
[Site "Willingen"]
[Date "2006.06.09"]
[Round "9.4"]
[White "Fischer, Thomas"]
[Black "Geske, Julian"]
[Result "1/2-1/2"]
[WhiteElo "2045"]
[BlackElo "2140"]
[PlyCount "39"]
[EventDate "2006.??.??"]
[EventType "swiss"]
[EventRounds "9"]
[EventCountry "GER"]

1. d4 Nf6 2. Bf4 g6 3. e3 Bg7 4. Nd2 O-O 5. Ngf3 d6 6. h3 Nbd7 7. Bh2 b6 8. c3
Bb7 9. Qc2 c5 10. Be2 Qc7 11. O-O Bc6 12. a4 a6 13. Rfc1 Qb7 14. b4 cxb4 15.
cxb4 Rfc8 16. Qb2 Ne4 17. b5 axb5 18. axb5 Bd5 19. Nxe4 Bxe4 20. Rxa8 1/2-1/2

[Event "DEM U14"]
[Site "Willingen"]
[Date "2006.06.09"]
[Round "9.12"]
[White "Marx, Joschka"]
[Black "Doberitz, Paul"]
[Result "1-0"]
[WhiteElo "1674"]
[BlackElo "1766"]
[PlyCount "83"]
[EventDate "2006.??.??"]
[EventType "swiss"]
[EventRounds "9"]
[EventCountry "GER"]

1. e4 c5 2. Nf3 Nc6 3. Bb5 g6 4. O-O Bg7 5. Nc3 e6 6. d3 Nge7 7. Bf4 d6 8.
Bxc6+ bxc6 9. Qd2 O-O 10. Bh6 e5 11. Bxg7 Kxg7 12. Qg5 f6 13. Qe3 Rb8 14. Rab1
Bg4 15. h3 Be6 16. Nd2 Qd7 17. f4 exf4 18. Rxf4 g5 19. Rf2 Ng6 20. b3 Rbe8 21.
Rbf1 h6 22. Qg3 d5 23. Nd1 h5 24. Ne3 h4 25. Qf3 Nf4 26. a3 d4 27. Nec4 f5 28.
e5 Bd5 29. Qd1 Kg6 30. Re1 Bxc4 31. Nxc4 Nd5 32. e6 Rxe6 33. Ne5+ Rxe5 34. Rxe5
Ne3 35. Qf3 Qd6 36. Re4 fxe4 37. Qxf8 Qxf8 38. Rxf8 Nxc2 39. dxe4 Na1 40. Rf3
Nxb3 41. Rxb3 c4 42. Rb4 1-0

[Event "DEM U14"]
[Site "Willingen"]
[Date "2006.06.09"]
[Round "9.14"]
[White "Aslan, Benjamin"]
[Black "Höfer, Michael"]
[Result "1/2-1/2"]
[WhiteElo "1837"]
[BlackElo "1526"]
[PlyCount "67"]
[EventDate "2006.??.??"]
[EventType "swiss"]
[EventRounds "9"]
[EventCountry "GER"]

1. d4 d5 2. c4 c6 3. Nf3 e6 4. Qc2 Nf6 5. g3 Bd6 6. Nbd2 Nbd7 7. Bg2 O-O 8. O-O
Re8 9. b3 e5 10. dxe5 Nxe5 11. Bb2 Bg4 12. Rfd1 dxc4 13. Nxc4 Nxc4 14. bxc4 Qe7
15. e3 Bc5 16. Bd4 Rad8 17. Rab1 Bxd4 18. Rxd4 c5 19. Rxd8 Rxd8 20. Qb2 b6 21.
Ne5 Rd6 22. a4 Bf5 23. Ra1 Ng4 24. Nxg4 Bxg4 25. a5 Be6 26. axb6 Rxb6 27. Qc2
h6 28. Bd5 Bxd5 29. cxd5 a6 30. Qc4 Qe5 31. Ra5 Rb1+ 32. Kg2 Rb4 33. Qd3 c4 34.
Qd4 1/2-1/2

[Event "DEM U16w"]
[Site "Willingen"]
[Date "2006.06.09"]
[Round "9.2"]
[White "Mader, Manuela"]
[Black "Hannes, Diana"]
[Result "1-0"]
[WhiteElo "2061"]
[BlackElo "1958"]
[PlyCount "81"]
[EventDate "2006.??.??"]
[EventType "swiss"]
[EventRounds "9"]
[EventCountry "GER"]

1. e4 c5 2. Nf3 d6 3. Bb5+ Bd7 4. Bxd7+ Qxd7 5. c4 g6 6. O-O Bg7 7. d4 cxd4 8.
Nxd4 Nc6 9. Be3 Nh6 10. f3 f5 11. Nc3 O-O 12. Rc1 Ne5 13. exf5 Nxf5 14. Nxf5
gxf5 15. Nd5 Kh8 16. Qd2 e6 17. Nf4 Nf7 18. Rcd1 Rac8 19. b3 b6 20. Rfe1 Rg8
21. Qf2 e5 22. Nd5 Qe6 23. Qh4 Bf8 24. Bc1 Qg6 25. Re2 Re8 26. Ba3 Ng5 27. Kh1
Ne6 28. Qf6+ Rg7 29. Qxg6 Rxg6 30. Nc3 Nc7 31. Red2 Rd8 32. Ne2 Rf6 33. f4 Re8
34. Bb2 Rfe6 35. Ng3 Bh6 36. Rxd6 Bxf4 37. Nxf5 Kg8 38. g3 Bg5 39. Rd7 Rf6 40.
Rg7+ Kf8 41. Rxg5 1-0

[Event "DEM U16w"]
[Site "Willingen"]
[Date "2006.06.09"]
[Round "9.5"]
[White "Erben, Larissa"]
[Black "Thiele, Andra"]
[Result "1-0"]
[WhiteElo "1868"]
[BlackElo "1578"]
[PlyCount "71"]
[EventDate "2006.??.??"]
[EventType "swiss"]
[EventRounds "9"]
[EventCountry "GER"]

1. e4 d5 2. exd5 Qxd5 3. Nc3 Qa5 4. d4 Nf6 5. Bc4 Bg4 6. f3 Bh5 7. Nge2 Nc6 8.
Bd2 O-O-O 9. Nd5 Qa4 10. Bb3 Qa6 11. Nxf6 gxf6 12. c3 e5 13. d5 Na5 14. Be3 Nc4
15. Qd3 Nxe3 16. Qxe3 Kb8 17. g4 Bg6 18. Ng3 Qb5 19. Rd1 Bc5 20. Qe2 Qd7 21.
Ne4 Be7 22. O-O h5 23. Kh1 f5 24. gxf5 Bxf5 25. Rg1 Rdg8 26. a4 Rg6 27. a5 Rhg8
28. Rxg6 Rxg6 29. Ng3 Bh3 30. Bc2 Rg5 31. Qe3 h4 32. Ne4 Bg2+ 33. Kg1 Bxf3+ 34.
Nxg5 Qg4+ 35. Kf2 Bxg5 36. Qxf3 1-0

[Event "DEM U16w"]
[Site "Willingen"]
[Date "2006.06.09"]
[Round "9.6"]
[White "Zemella, Jennifer"]
[Black "Vollak, Marleen"]
[Result "0-1"]
[WhiteElo "1755"]
[BlackElo "1866"]
[PlyCount "40"]
[EventDate "2006.??.??"]
[EventType "swiss"]
[EventRounds "9"]
[EventCountry "GER"]

1. e4 c5 2. d4 cxd4 3. c3 dxc3 4. Nxc3 Nc6 5. Nf3 e6 6. Bc4 a6 7. O-O Nge7 8.
Qe2 b5 9. Bb3 Ng6 10. Rd1 Be7 11. Be3 O-O 12. Rac1 Bb7 13. Nd2 Na5 14. Bc2 Ne5
15. b3 Ba3 16. Rb1 Qc7 17. Bd4 Bb4 18. Qe3 Ng4 19. Qh3 e5 20. Qxg4 exd4 0-1

[Event "DEM U16w"]
[Site "Willingen"]
[Date "2006.06.09"]
[Round "9.8"]
[White "Karmann, Anna"]
[Black "Reh, Rebecca"]
[Result "1-0"]
[WhiteElo "1709"]
[BlackElo "1709"]
[PlyCount "105"]
[EventDate "2006.??.??"]
[EventType "swiss"]
[EventRounds "9"]
[EventCountry "GER"]

1. c4 g6 2. Nc3 Bg7 3. g3 c5 4. Bg2 Nc6 5. e3 e5 6. Nge2 Nge7 7. O-O O-O 8. d3
d6 9. Rb1 Be6 10. Nd5 Rb8 11. Nec3 a6 12. Nxe7+ Nxe7 13. Nd5 b5 14. b3 f5 15.
f4 Nxd5 16. cxd5 Bd7 17. Bb2 b4 18. fxe5 dxe5 19. e4 Qb6 20. Kh1 Rf7 21. Qd2
Rbf8 22. Rbc1 Bb5 23. a4 Bd7 24. Rc4 Rc8 25. Qc2 Qd6 26. Bc1 f4 27. gxf4 exf4
28. Bb2 Bg4 29. Bf3 Bxf3+ 30. Rxf3 g5 31. Bxg7 Rxg7 32. Qd1 a5 33. d4 Rgc7 34.
Qg1 h6 35. h4 Kh8 36. hxg5 Qg6 37. Rxf4 hxg5 38. Rf5 Rh7+ 39. Kg2 Re8 40. dxc5
Rxe4 41. Rxe4 Qxf5 42. Qd4+ Kg8 43. Qd3 Qf6 44. Qe2 Rf7 45. Re8+ Kg7 46. Qe5
Qxe5 47. Rxe5 Kf6 48. Re6+ Kf5 49. c6 Rf8 50. c7 g4 51. Rb6 Rc8 52. d6 Ke6 53.
Rb8 1-0

[Event "DEM U18w"]
[Site "Willingen"]
[Date "2006.06.09"]
[Round "9.2"]
[White "Großmann, Susan"]
[Black "Laake, Jasmin"]
[Result "1/2-1/2"]
[WhiteElo "2062"]
[BlackElo "1976"]
[PlyCount "84"]
[EventDate "2006.??.??"]
[EventType "swiss"]
[EventRounds "9"]
[EventCountry "GER"]

1. d4 Nf6 2. c4 g6 3. Nc3 Bg7 4. e4 d6 5. Nf3 O-O 6. Be2 e5 7. O-O Nc6 8. d5
Ne7 9. b4 Nh5 10. Re1 a5 11. Ba3 axb4 12. Bxb4 Nf4 13. Nd2 f5 14. f3 c5 15.
Bxc5 dxc5 16. Bf1 Kh8 17. Nb3 b6 18. a4 Ng8 19. a5 Qg5 20. Kh1 Nf6 21. axb6
Rxa1 22. Qxa1 fxe4 23. Nxe4 Nxe4 24. fxe4 Qf6 25. Nxc5 Qxb6 26. Nd3 Nxd3 27.
Bxd3 Bb7 28. Qc3 Rc8 29. g3 Qc7 30. Ra1 Bf8 31. Be2 Bc5 32. Rf1 Rf8 33. Rxf8+
Bxf8 34. Qf3 Kg7 35. Kg2 Ba6 36. Qc3 Bc5 37. Qf3 Bd4 38. Qd3 Qa5 39. Qd1 Qc3
40. Qa4 Qe3 41. Qd7+ Kh6 42. Qh3+ Kg7 1/2-1/2

[Event "DEM U18w"]
[Site "Willingen"]
[Date "2006.06.09"]
[Round "9.4"]
[White "Albano Jeremias, Bianca"]
[Black "Chin, Karin"]
[Result "0-1"]
[WhiteElo "1971"]
[BlackElo "2008"]
[PlyCount "80"]
[EventDate "2006.??.??"]
[EventType "swiss"]
[EventRounds "9"]
[EventCountry "GER"]

1. e4 c5 2. Nf3 Nc6 3. d4 cxd4 4. Nxd4 g6 5. Nc3 Bg7 6. Nb3 Nf6 7. Be2 O-O 8.
O-O d6 9. Re1 Be6 10. Bf1 d5 11. exd5 Nxd5 12. Nxd5 Bxd5 13. c3 e5 14. Be3 f5
15. Bc5 Rf7 16. c4 Be6 17. f4 b6 18. Bf2 e4 19. Rb1 Rd7 20. Qc1 Nb4 21. a3 Nd3
22. Bxd3 Rxd3 23. Qc2 Rc8 24. Rbd1 Bxc4 25. Nc1 Rd7 26. Rxd7 Qxd7 27. Rd1 Qe6
28. Be3 Bd3 29. Qa4 Bc2 30. Qd7 Qxd7 31. Rxd7 a6 32. Ne2 Bxb2 33. Bxb6 Bd3 34.
Bd4 Bxd4+ 35. Nxd4 e3 36. h3 Rc1+ 37. Kh2 e2 38. Nf3 Be4 39. Rd8+ Kg7 40. Rd7+
Kf8 0-1

[Event "DEM U18w"]
[Site "Willingen"]
[Date "2006.06.09"]
[Round "9.5"]
[White "Dietzen, Corinna"]
[Black "Hofmann, Annett"]
[Result "1-0"]
[WhiteElo "1949"]
[BlackElo "2004"]
[PlyCount "75"]
[EventDate "2006.??.??"]
[EventType "swiss"]
[EventRounds "9"]
[EventCountry "GER"]

1. c4 e5 2. Nc3 Nf6 3. g3 g6 4. Bg2 Bg7 5. e3 O-O 6. Nge2 d6 7. O-O Nc6 8. Rb1
a5 9. a3 Bf5 10. d3 Qd7 11. Nd5 Bh3 12. Nxf6+ Bxf6 13. f4 Bxg2 14. Kxg2 Bg7 15.
Ng1 Ne7 16. Nf3 Qc6 17. e4 exf4 18. Bxf4 f5 19. Re1 fxe4 20. dxe4 h6 21. h4 Rf7
22. b3 Qc5 23. a4 Raf8 24. Rf1 Kh7 25. Qd3 Qb6 26. Rbe1 Ng8 27. h5 Ne7 28. e5
dxe5 29. Nxe5 Bxe5 30. Rxe5 Nf5 31. Rfe1 Qd4 32. hxg6+ Kxg6 33. Qe2 Rf6 34. Rd5
Qc3 35. Be5 Qxb3 36. Qg4+ Kh7 37. Bxf6 Qc2+ 38. Kh3 1-0

[Event "DEM U18w"]
[Site "Willingen"]
[Date "2006.06.09"]
[Round "9.6"]
[White "Tovmasian, Nelli"]
[Black "Dauer, Christina"]
[Result "1-0"]
[WhiteElo "1813"]
[BlackElo "1964"]
[PlyCount "65"]
[EventDate "2006.??.??"]
[EventType "swiss"]
[EventRounds "9"]
[EventCountry "GER"]

1. e4 e6 2. d4 d5 3. Nc3 Bb4 4. exd5 exd5 5. Bd3 Nc6 6. a3 Be7 7. Nge2 Bg4 8.
f3 Be6 9. Bf4 g5 10. Bg3 Bd6 11. Qd2 h6 12. O-O-O Bxg3 13. hxg3 Qd7 14. Na4
O-O-O 15. Nc5 Qd6 16. Nxe6 Qxe6 17. g4 Nge7 18. Rde1 Qd7 19. c3 f5 20. f4 Na5
21. Kb1 fxg4 22. Rh5 gxf4 23. Nxf4 Kb8 24. Re6 Rde8 25. Qe2 Rhf8 26. g3 c6 27.
Rhxh6 Ng8 28. Rh7 Rxe6 29. Nxe6 Rf7 30. Qe5+ Kc8 31. Rh8 Qe8 32. Bf5 Rxf5 33.
Qc7# 1-0

[Event "DEM U18w"]
[Site "Willingen"]
[Date "2006.06.09"]
[Round "9.7"]
[White "Reiske, Anne"]
[Black "Fuchs, Maria"]
[Result "1-0"]
[WhiteElo "1711"]
[BlackElo "1758"]
[PlyCount "59"]
[EventDate "2006.??.??"]
[EventType "swiss"]
[EventRounds "9"]
[EventCountry "GER"]

1. e4 c5 2. Nf3 Nc6 3. d4 cxd4 4. Nxd4 g6 5. Be3 Bg7 6. Nc3 Nf6 7. Be2 O-O 8.
Qd2 d5 9. exd5 Nxd5 10. Nxc6 bxc6 11. Rd1 Qa5 12. Nxd5 Qxd2+ 13. Rxd2 cxd5 14.
c4 dxc4 15. Bxc4 Bb7 16. O-O Rac8 17. b3 Rc7 18. Rfd1 Bc6 19. Rd8 Bf6 20. Bh6
Bg7 21. Rxf8+ Kxf8 22. Rd8+ Be8 23. Bxg7+ Kxg7 24. Rxe8 Rd7 25. g3 Kf6 26. Rc8
Rd1+ 27. Kg2 Rd2 28. a4 Rd7 29. Bb5 Rb7 30. Rd8 1-0

[Event "DEM U18w"]
[Site "Willingen"]
[Date "2006.06.09"]
[Round "9.10"]
[White "Hammerich, Nadine"]
[Black "Wirths, Clara"]
[Result "0-1"]
[WhiteElo "1529"]
[BlackElo "1935"]
[PlyCount "62"]
[EventDate "2006.??.??"]
[EventType "swiss"]
[EventRounds "9"]
[EventCountry "GER"]

1. c4 Nf6 2. Nc3 e5 3. g3 Nc6 4. Bg2 d6 5. d3 g6 6. e4 Bg7 7. Nge2 Be6 8. O-O
Qd7 9. a3 Bh3 10. Rb1 h5 11. Nd5 Nxd5 12. cxd5 Ne7 13. f3 Bxg2 14. Kxg2 O-O-O
15. Be3 h4 16. Rh1 Kb8 17. Qb3 Rdf8 18. Bf2 f5 19. Rbc1 g5 20. Rce1 Ng6 21.
Reg1 h3+ 22. Kf1 g4 23. fxg4 fxg4 24. Ke1 c6 25. Nc3 c5 26. Ke2 Qf7 27. Rf1
Qf3+ 28. Kd2 Bh6+ 29. Kc2 Be3 30. Nd1 Bxf2 31. Rxf2 Qxh1 0-1